Folk tales from the Upper Indus (Reprint) (Record no. 63658)

000 -LEADER
fixed length control field 00531nam a22001817a 4500
003 - CONTROL NUMBER IDENTIFIER
control field NUST - PNEC
005 - DATE AND TIME OF LATEST TRANSACTION
control field 20170116180819.0
008 - FIXED-LENGTH DATA ELEMENTS--GENERAL INFORMATION
fixed length control field 150615b xxu||||| |||| 00| 0 eng d
020 ## - INTERNATIONAL STANDARD BOOK NUMBER
International Standard Book Number -
040 ## - CATALOGING SOURCE
Transcribing agency LIBRARY
082 ## - DEWEY DECIMAL CLASSIFICATION NUMBER
Classification number 398.2095'45 SWY
100 ## - MAIN ENTRY--PERSONAL NAME
9 (RLIN) 3957
Personal name Swynnerton, Rev. Charles
245 ## - TITLE STATEMENT
Title Folk tales from the Upper Indus (Reprint)
Statement of responsibility, etc. Rev. Charles Swynnerton, F.S.A.,
260 ## - PUBLICATION, DISTRIBUTION, ETC.
Place of publication, distribution, etc. Islamabad:
Name of publisher, distributor, etc. National Institute of Folk Heritage,
300 ## - PHYSICAL DESCRIPTION
Extent 380 p. :
Dimensions 22 cm.
650 ## - SUBJECT ADDED ENTRY--TOPICAL TERM
9 (RLIN) 3960
Topical term or geographic name entry element Folk
General subdivision General
942 ## - ADDED ENTRY ELEMENTS (KOHA)
Source of classification or shelving scheme
Koha item type Book
Holdings
Withdrawn status Lost status Source of classification or shelving scheme Damaged status Not for loan Permanent Location Current Location Shelving location Date acquired Source of acquisition Cost, normal purchase price Total Checkouts Full call number Barcode Date last seen Cost, replacement price Price effective from Koha item type
          Pakistan Navy Engineering College (PNEC) Pakistan Navy Engineering College (PNEC)   12/16/1985 Royal Books/Library/Reference Grant 95.00   398.2095'45 SWY PNECLIB-006732 06/15/2015 95.00 12/16/1985 Book
© 2023 Central Library, National University of Sciences and Technology. All Rights Reserved.